Pays les plus visités par François Hollande durant son mandat - Statistiques

Statistiques générales
  • Ce quiz a été pris 252 fois
  • Le résultat moyen est 13 sur 18
Statistiques - réponses
Nombre de visites Pays % Correct
19 Allemagne
99%
4 Espagne
99%
13 Etats-Unis
99%
37 Belgique
97%
10 Italie
96%
8 Royaume-Uni
96%
4 Russie
94%
3 Suisse
89%
3 Brésil
82%
3 Maroc
78%
5 Pologne
77%
3 Australie
70%
3 Tunisie
66%
3 Mali
56%
4 Arabie saoudite
48%
4 Malte
21%
3 Slovaquie
19%
3 Centrafrique
11%
Aucun quiz correspondant
Distribution des résultats
% des personnes avec chaque résultat
Percentile par nombre de réponses
Votre historique - résultats
Vous n’avez pas pris ce quiz